[Event "ENG-ch Schools"]
[Site "Nottingham"]
[Date "2025.06.25"]
[Round "2.4"]
[White "Manikandan, Gaurav1"]
[Black "Prasad, Aditya"]
[Result "0-1"]
[WhiteElo "1575"]
[BlackElo "1379"]
[PlyCount "176"]
[EventDate "2025.06.25"]
[EventType "team-swiss"]
[EventRounds "6"]
[EventCountry "ENG"]
[SourceTitle "CB27_2025"]
[SourceDate "2025.07.02"]
[SourceVersion "1"]
[SourceVersionDate "2025.07.02"]
[SourceQuality "1"]
[WhiteTeam "Eltham College"]
[BlackTeam "King Edward VI Camp Hill"]
[WhiteTeamCountry "ENG"]
[BlackTeamCountry "ENG"]

1. e4 e5 2. Nf3 Nf6 3. Nc3 Nc6 4. d4 exd4 5. Nxd4 d6 6. Bb5 Bd7 7. Bxc6 bxc6 8. 0-0 Be7 9. h3 0-0 10. f4 c5 11. Nf3 Bc6 12. e5 Nd7 13. Be3 Nb6 14. exd6 Bxd6 15. b3 Qf6 16. Ne2 Rfe8 17. Bd2 Rad8 18. Qe1 Bxf3 19. Rxf3 Rxe2 20. Qxe2 Qxa1+ 21. Rf1 Qd4+ 22. Kh1 c4 23. Rf3 Bc5 24. Be3 Qd1+ 25. Qxd1 Rxd1+ 26. Kh2 Bxe3 27. Rxe3 h6 28. Re8+ Kh7 29. Re7 Rd2 30. Rxc7 Rxc2 31. Rxa7 cxb3 32. axb3 Rb2 33. Rxf7 Rxb3 34. Rb7 Rb4 35. f5 Nd5 36. Rd7 Nf6 37. Ra7 h5 38. Ra5 Kh6 39. Ra6 Rf4 40. Ra5 h4 41. g4 hxg3+ 42. Kxg3 Kg5 43. Ra7 Nh5+ 44. Kg2 Rxf5 45. Ra6 g6 46. Kh2 Rf3 47. Kg2 Rb3 48. Ra5+ Kh6 49. Ra4 Ng7 50. Rh4+ Kg5 51. Rg4+ Kf5 52. Ra4 Rb2+ 53. Kf3 Ne6 54. Ra5+ Kf6 55. Ra6 g5 56. Kg4 Rb4+ 57. Kf3 Rf4+ 58. Kg3 Rc4 59. Rb6 Re4 60. Kf3 Rf4+ 61. Kg3 Ra4 62. Kf3 Ra3+ 63. Kg4 Ra1 64. Kf3 Rc1 65. Kg3 Re1 66. h4 Rg1+ 67. Kh2 Rg4 68. hxg5+ Rxg5 69. Ra6 Rg6 70. Kh3 Ke5 71. Ra5+ Ke4 72. Ra4+ Nd4 73. Ra8 Nf5 74. Re8+ Kf3 75. Kh2 Kf2 76. Kh3 Rg3+ 77. Kh2 Kf3 78. Ra8 Rg7 79. Ra3+ Ne3 80. Kh1 Ke4 81. Ra4+ Kd3 82. Kh2 Nc4 83. Ra8 Ne5 84. Re8 Nf3+ 85. Kh3 Kd2 86. Rf8 Ke2 87. Rf4 Kf2 88. Rf6 Rg3# 0-1